Verejná správa školy, úrady, obce, kultúra, zdravotníctvo, rozpočtové, príspevkové, neziskové organizácie

Saved in:
Bibliographic Details
Format: Serial
Language:Slovak
Published: Žilina Poradca
Subjects:
Tags: Add Tag
No Tags, Be the first to tag this record!

MARC

LEADER 00000nas1a2200000$$$4500
001 0049005
005 20250721095414.6
022 |a 1337-0448 
022 |a 1338-0915 
041 0 |a slo 
044 |a SK 
245 1 0 |a Verejná správa  |b školy, úrady, obce, kultúra, zdravotníctvo, rozpočtové, príspevkové, neziskové organizácie 
264 1 |a Žilina  |b Poradca 
500 |a Od 1.1.2017 nevychádza 
610 2 0 |a správa verejná 
610 2 0 |a Slovensko